Viselkedéstechnikai különbségek és hasonlóságok Spanyolország és a volt gyarmatai között

Bibliográfiai részletek
Szerző: Csóré Kristóf
További közreműködők: Bodnár László
Dokumentumtípus: Diplomadolgozat
Kulcsszavak:Spanyolország
Etikett
Protokoll
Viselkedéstechnikai elemek
Online Access:http://dolgozattar.uni-bge.hu/21130

MARC

LEADER 00000nta a2200000 i 4500
001 dolg21130
005 20200417182155.0
008 190511suuuu hu om 000 hun d
040 |a BGE Dolgozattár Repozitórium  |b hun 
041 |a hu 
100 1 |a Csóré Kristóf 
245 1 0 |a Viselkedéstechnikai különbségek és hasonlóságok Spanyolország és a volt gyarmatai között  |c Csóré Kristóf  |h [elektronikus dokumentum] 
695 |a Spanyolország 
695 |a Etikett 
695 |a Protokoll 
695 |a Viselkedéstechnikai elemek 
700 1 |a Bodnár László  |e ths 
856 4 0 |u http://dolgozattar.uni-bge.hu/21130/1/V%C3%A9gleges%20Szakdolgozat-converted.pdf  |z Dokumentum-elérés